| 000 | 01410nac a22003731u 4500 | ||
|---|---|---|---|
| 003 | EG-ScBUE | ||
| 005 | 20220203100549.0 | ||
| 008 | 200219s2006 enk f b 001 0deng d | ||
| 020 | _a9780521549653 (pbk.) | ||
| 020 | _a0521549655 (pbk.) | ||
| 035 | _a(OCoLC)ocm74322898 | ||
| 035 | _a(OCoLC)74322898 | ||
| 040 |
_aEG-ScBUE _beng _erda _cEG-ScBUE _dEG-ScBUE |
||
| 082 | 0 | 4 |
_a823.912 _bBUL _222 |
| 100 | 1 |
_aBulson, Eric, _eauthor. |
|
| 245 | 1 | 4 |
_aThe Cambridge introduction to James Joyce / _cEric Bulson. |
| 246 | 3 | 0 | _aJames Joyce |
| 264 | 1 |
_aCambridge : _bCambridge University Press, _c2006. |
|
| 300 |
_axii, 139 pages ; _c24 cm |
||
| 336 |
_2rdacontent _atext _btxt |
||
| 337 |
_2rdamedia _aunmediated _bn |
||
| 338 |
_2rdacarrier _avolume _bnc |
||
| 500 | _adistributed by: Al-Ahram | ||
| 504 | _aIncludes bibliographical references and index. | ||
| 600 | 1 | 7 |
_aJoyce, James, _d1882-1941 _xCriticism and interpretation. _2BUEsh |
| 650 | _2BUEsh | ||
| 651 | _2BUEsh | ||
| 653 | _bHHUUEENN | ||
| 655 |
_vReading book _934232 |
||
| 856 | 4 | 2 |
_3Publisher description _uhttp://www.loc.gov/catdir/enhancements/fy0703/2006299535-d.html |
| 856 | 4 | 2 |
_3Table of contents only _uhttp://www.loc.gov/catdir/enhancements/fy0703/2006299535-t.html |
| 856 | 4 | 2 |
_3Contributor biographical information _uhttp://www.loc.gov/catdir/enhancements/fy0733/2006299535-b.html |
| 942 |
_cBB _k823.912 BUL _2ddc |
||
| 999 |
_c7114 _d7114 |
||